John von Neumann and the origins of modern computing
Αποθηκεύτηκε σε:
| Κύριος συγγραφέας: | |
|---|---|
| Μορφή: | Βιβλίο |
| Γλώσσα: | English |
| Δημοσίευση: |
Cambridge, Mass. :
MIT press,
c1990
|
| Σειρά: | History of computing
|
| Θέματα: | |
| Ετικέτες: |
Προσθήκη ετικέτας
Δεν υπάρχουν, Καταχωρήστε ετικέτα πρώτοι!
|
MARC
| LEADER | 00000nam a2200000 i 4500 | ||
|---|---|---|---|
| 001 | 1/98664 | ||
| 008 | 000121s1990 eng d | ||
| 020 | |a 0262011212 | ||
| 035 | |l 10056596 | ||
| 040 | |a GR-MY-UA |b gre |e aacr | ||
| 041 | 0 | |a eng | |
| 082 | 0 | |a 004.092 | |
| 100 | 1 | |a Aspray, William. | |
| 245 | 1 | 0 | |a John von Neumann and the origins of modern computing / |c William Aspray |
| 260 | |a Cambridge, Mass. : |b MIT press, |c c1990 | ||
| 300 | |a xvii, 376 p.; |b ill.; |c 24 cm. | ||
| 490 | 1 | |a History of computing | |
| 500 | |a Writings of John von Neumann | ||
| 504 | |a Includes bibliographical references and index | ||
| 600 | 1 | 0 | |a Von Neumann John |d 1903-1957. |
| 650 | 0 | 0 | |a Electronic digital computers |x History. |
| 830 | 0 | |a History of computing | |
| 852 | |a INST |b SAMOS |e 20000121 |h 004.092 ASP |p 005300015937 |q 005300015937 |t BK |y 0 | ||
| 901 | |a BIBL3-2000-1 | ||
| 909 | |a Σ |b 071226 | ||
| 922 | |a 3ΕΛΗ |b 199912 |c ΤΠΕΣ |d ΠΑΠΑΣΩΤΗΡΙΟΥ | ||
| 970 | |a ΓΕΝΟΥΖΟΥ |b ΧΡΥΣΑΝΘΗ |z 2000/01/21 | ||